000 00547nam a2200205Ii 4500
003 JO-AjNU
008 230606s9999||||xx |||||||||||||| ||und||
020 _a978-81-8128-141-8
040 _aJO-AjNU
_beng
_erda
_cJO-AjNU
041 _aeng
050 1 4 _aQA154.2.L36.2014
100 3 _aLang,serge,
_eauthor
_93749
245 0 0 _a Algebra. 
264 3 1 _aSpringer:Berline,2004
300 _a914p
336 _atext
_btxt
_2rdacontent
337 _aunmediated
_bn
_2rdamedia
338 _avolume
_bnc
_2rdacarrier
650 4 _a Algebra. 
_93750
999 _aE1957
_c1957
_d1957